01577nam a2200409 a 4500001001200000003000800012006001900020007001500039008004100054010001700095015001900112016001800131020001800149020001500167040002100182035002100203041001300224043001200237050002500249082001600274100001600290240004700306245014300353260005800496300002600554490002800580504005100608533015200659651005300811655002900864700002800893700003200921710001700953830005400970856012601024999001701150ebr10348651CaPaEBRm u cr cn|||||||||081113s2009 enkb sb 001 0 eng  z 2008049469 aGBA9282442bnb7 z0149324272Uk z9780192821911 z0192821911 aCaPaEBRcCaPaEBR a(OCoLC)4886135591 aenghgrc ae-gr---14aDF229.T5bH36 2009eb04a938/.052220 aThucydides.10aHistory of the Peloponnesian War.lEnglish14aThe Peloponnesian Warh[electronic resource] /cThucydides ; translated by Martin Hammond ; with an introduction and notes by P.J. Rhodes. aOxford ;aNew York :bOxford University Press,c2009. alxiv, 708 p. :bmaps.1 aOxford world's classics aIncludes bibliographical references and index. aElectronic reproduction.bPalo Alto, Calif. :cebrary,d2013.nAvailable via World Wide Web.nAccess may be limited to ebrary affiliated libraries. 0aGreecexHistoryyPeloponnesian War, 431-404 B.C. 7aElectronic books.2local1 aHammond, Martin,d1944-1 aRhodes, P. J.q(Peter John)2 aebrary, Inc. 0aOxford world's classics (Oxford University Press)40uhttp://site.ebrary.com/lib/rucke/Doc?id=10348651zAn electronic book accessible through the World Wide Web; click to view c42142d42142